ALL IGOR SONGS - Statistics

General Stats
  • This quiz has been taken 53 times
  • The average score is 10 of 11
Answer Stats
Hint Answer % Correct
The Album Names Theme IGOR’S THEME
100%
Natural Disaster EARFQUAKE
98%
It Is A Question ARE WE STILL FRIENDS?
96%
Most Hype Song OAT (My Opinion) NEW MAGIC WAND
96%
Synonym Of A Kanye Song I THINK
94%
Only Two-Parted Song GONE, GONE / THANK YOU
89%
Losing Feelings I DON’T LOVE YOU ANYMORE
89%
Has A Symbol At The End Of The Name A BOY IS A GUN*
85%
“______ To Make You Love Me” RUNNING OUT OF TIME
83%
A Greeting WHAT’S GOOD
83%
Longest Name On The Album EXACTLY WHAT YOU RUN FROM YOU END UP CHASING
74%
No matching quizzes found
Score Distribution
Percent of People with Each Score
Percentile by Number Answered
Your Score History
You have not taken this quiz